[Event "ch-ISR w 2013"]
[Site "Acre ISR"]
[Date "2013.04.13"]
[Round "8.2"]
[White "Borsuk, Angela"]
[Black "Bejashvili, Irma"]
[Result "1-0"]
[WhiteTitle "IM"]
[WhiteElo "2256"]
[BlackElo "1876"]
[WhiteFideId "2806452"]
[BlackFideId "2810662"]
[EventDate "2013.04.06"]

1. d4 Nf6 2. c4 g6 3. Nc3 d5 4. Qa4+ Bd7 5. Qb3 dxc4 6. Qxc4 Bc6 7. Nf3 Nbd7 8.
e4 e6 9. Bd3 Nb6 10. Qb3 h6 11. h3 Bg7 12. Be3 O-O 13. O-O Ne8 14. Rfd1 Nd6 15.
Ne5 Be8 16. Rac1 Qe7 17. a4 a6 18. a5 Nd7 19. Nf3 c6 20. Qc2 Rc8 21. Na4 f5 22.
e5 Nb5 23. h4 f4 24. Bd2 g5 25. hxg5 hxg5 26. Qc4 g4 27. Nh2 g3 28. Nf3 gxf2+
29. Kxf2 Bh6 30. Rh1 Nxd4 31. Qxd4 Qg7 32. Rh3 Rd8 33. Qe4 Rf5 34. Bc3 Bg6 35.
Qc4 Nf8 36. Nc5 Rd5 37. Rd1 Rh5 38. Bxg6 Qxg6 39. Ne4 b5 40. axb6 Nd7 41. Rxh5
Nc5 42. Nf6+ Kf7 43. Nxd5 Ne4+ 44. Kg1 exd5 45. e6+ Qxe6 46. Rxh6 1-0

[Event "ch-ISR w 2013"]
[Site "Acre ISR"]
[Date "2013.04.13"]
[Round "8.3"]
[White "Klinova, Masha"]
[Black "Dotan, Valeria"]
[Result "1-0"]
[WhiteTitle "IM"]
[BlackTitle "WFM"]
[WhiteElo "2330"]
[BlackElo "2056"]
[WhiteFideId "2802015"]
[BlackFideId "2803607"]
[EventDate "2013.04.06"]

1. e4 e5 2. Nf3 d6 3. d4 exd4 4. Nxd4 Nf6 5. Nc3 Be7 6. Be2 O-O 7. O-O Re8 8. f4
Bf8 9. Bf3 a5 10. Be3 g6 11. Bf2 Na6 12. Re1 Nd7 13. Qd2 Nb6 14. Ndb5 Nc5 15. a4
Bg7 16. b3 Rb8 17. Rad1 Ncd7 18. Nb1 Ra8 19. c4 Ra6 20. N1c3 Bf8 21. Re2 Bg7 22.
Qe1 Qf6 23. Qd2 Bf8 24. h3 Bh6 25. Bg4 Bf8 26. Bd4 1-0

[Event "ch-ISR w 2013"]
[Site "Acre ISR"]
[Date "2013.04.13"]
[Round "8.4"]
[White "Lian, Marina"]
[Black "Vasiliev, Olga"]
[Result "0-1"]
[BlackTitle "WIM"]
[WhiteElo "1874"]
[BlackElo "2243"]
[WhiteFideId "2809680"]
[BlackFideId "2807602"]
[EventDate "2013.04.06"]

1. e4 c5 2. Nc3 Nc6 3. f4 e6 4. Nf3 d5 5. Bb5 d4 6. Bxc6+ bxc6 7. Ne2 g6 8. O-O
f5 9. e5 d3 10. cxd3 Qxd3 11. Qa4 Ne7 12. Nc3 Ba6 13. Rf2 Bb5 14. Qa5 Qd8 15.
Qxd8+ Kxd8 16. Ng5 Kd7 17. Nf7 Rg8 18. Nd6 Rb8 19. a4 Ba6 20. a5 Nd5 21. Nf7 c4
22. Kf1 Nb4 23. Rf3 Nd3 24. Na4 c3 25. Kg1 cxb2 26. Bxb2 Nxb2 27. Rb1 Nxa4 0-1

[Event "ch-ISR w 2013"]
[Site "Acre ISR"]
[Date "2013.04.14"]
[Round "9.1"]
[White "Dotan, Valeria"]
[Black "Lian, Marina"]
[Result "1-0"]
[WhiteTitle "WFM"]
[WhiteElo "2056"]
[BlackElo "1874"]
[WhiteFideId "2803607"]
[BlackFideId "2809680"]
[EventDate "2013.04.06"]

1. d4 Nf6 2. c4 e6 3. g3 Bb4+ 4. Bd2 c5 5. Nf3 Qb6 6. Bg2 Bxd2+ 7. Qxd2 Nc6 8.
Nc3 cxd4 9. Nb5 Ne4 10. Qd3 Qa5+ 11. Nd2 Nxd2 12. Qxd2 Qxd2+ 13. Kxd2 O-O 14. a3
e5 15. Nd6 b6 16. b4 Rb8 17. Rac1 Nd8 18. c5 Ne6 19. cxb6 axb6 20. Rc2 b5 21.
Bd5 Rd8 22. a4 Kf8 23. Rhc1 Ba6 24. a5 Ke7 25. Ne4 Bb7 26. Bxb7 Rxb7 27. Kd3 f5
28. Nc5 Nxc5+ 29. Rxc5 d6 30. Rc6 Kd7 31. a6 Ra7 32. Rb6 Rc7 33. Rxc7+ Kxc7 34.
Rxb5 Ra8 35. Rb7+ Kc6 36. b5+ Kd5 37. a7 e4+ 38. Kd2 g5 39. b6 e3+ 40. fxe3
dxe3+ 41. Kxe3 Re8+ 42. Kf2 1-0

[Event "ch-ISR w 2013"]
[Site "Acre ISR"]
[Date "2013.04.14"]
[Round "9.3"]
[White "Len, Irina"]
[Black "Borsuk, Angela"]
[Result "1-0"]
[BlackTitle "IM"]
[WhiteElo "2091"]
[BlackElo "2256"]
[WhiteFideId "2805715"]
[BlackFideId "2806452"]
[EventDate "2013.04.06"]

1. d4 d6 2. c4 e5 3. d5 f5 4. e4 Nf6 5. exf5 Bxf5 6. Ne2 Be7 7. Ng3 Qd7 8. Nc3
Na6 9. Nxf5 Qxf5 10. Be2 O-O 11. O-O e4 12. Be3 Nc5 13. Nb5 Qd7 14. b4 Na6 15.
a3 c6 16. dxc6 bxc6 17. Nc3 Nc7 18. Qc2 Qe6 19. Rad1 Kh8 20. Rfe1 d5 21. Bd4 Bd6
22. c5 Be5 23. Qd2 Qf5 24. Bxe5 Qxe5 25. f3 e3 26. Bf1 Rfe8 27. Qd3 a5 28. Ne2
Ne6 29. Rb1 Nf4 30. Qc2 Qg5 31. g3 Rac8 32. Kh1 Ne6 1-0

[Event "ch-ISR w 2013"]
[Site "Acre ISR"]
[Date "2013.04.14"]
[Round "9.4"]
[White "Vardi, Shlomit"]
[Black "Tsifanskaya, Ludmila A"]
[Result "0-1"]
[BlackTitle "WIM"]
[WhiteElo "2003"]
[BlackElo "2085"]
[WhiteFideId "2801442"]
[BlackFideId "2802368"]
[EventDate "2013.04.06"]

1. e4 c5 2. Nc3 Nc6 3. g3 g6 4. Bg2 Bg7 5. d3 Rb8 6. Nge2 b5 7. O-O e6 8. Be3
Nd4 9. a3 Ne7 10. Qd2 O-O 11. Rac1 Nec6 12. f4 d6 13. g4 f5 14. g5 Nxe2+ 15.
Nxe2 Nd4 16. Ng3 Bb7 17. Rcd1 a5 18. c3 Nb3 19. Qc2 a4 20. h4 d5 21. e5 d4 22.
cxd4 cxd4 23. Bxb7 dxe3 24. Bf3 Nd2 25. Rxd2 exd2 26. Qxd2 Qd4+ 27. Rf2 Rfd8 28.
Be2 Bf8 29. Kg2 b4 30. h5 Bc5 31. Rf1 bxa3 32. bxa3 Rb2 33. Qd1 Qxd3 34. Kh3
Qxd1 35. Bxd1 Rd3 36. Bxa4 Bf2 37. Rd1 Rxd1 38. Bxd1 Rd2 39. Bf3 Rd3 40. Kg2
Bxg3 41. Kxg3 gxh5 42. Kg2 Rxa3 43. Bxh5 Kg7 44. Be8 Kf8 45. Bh5 Rc3 46. Kh2 Kg7
47. Kg2 h6 48. g6 Rc1 49. Kh2 Rf1 50. Kg3 Rh1 51. Bf3 Rg1+ 52. Kf2 Rxg6 53. Bh5
Rg4 54. Kf3 Rh4 55. Be8 Rh3+ 56. Kg2 Re3 57. Bh5 Kf8 58. Kh2 Ke7 59. Kg2 Kd7 60.
Kh2 Kc6 0-1